Litery cyrylicy spoza alfabetu rosyjskiego - nagła śmierć - Statystyki

Ogólne statystyki
  • Ten quiz został rozwiązany 73 razy
  • Średni wynik to 16 z 27
Answers on the Grid
Answers color-coded by a green-red scale on the quiz's grid according to % correct below.
А
Б
В
Г
Д
Е
Ё
Ж
З
И
Й
К
Л
М
Н
О
П
Р
С
Т
У
Ф
Х
Ц
Ч
Ш
Щ
Ъ
Ы
Ь
Э
Ю
Я
Ґ
Є
І
Ї
Ђ
Ј
Ќ
Љ
Њ
Ћ
Ў
Џ
Ө
Қ
Ҳ
Һ
Ҵ
Ѣ
Ҥ
Ӡ
Ү
Ғ
Ӂ
Ѥ
Ӥ
Ԣ
Ҧ
 
Statystyki odpowiedzi
Odpowiedź % Poprawnych
Występuje tylko w języku abchaskim. Ҧ
73%
Występuje tylko w języku abchaskim. Ҵ
72%
Występuje tylko w języku macedońskim. Ќ
70%
Występuje w języku kazachskim i innych. Қ
70%
Występuje w kilku językach azjatyckich. Ҥ
70%
Występuje w kilku językach azjatyckich. Ҳ
68%
Występuje tylko w języku serbskim. Ђ
67%
Występuje tylko w języku serbskim. Ћ
67%
Występuje w języku kazachskim i innych. Ғ
67%
Występowała w języku staro-cerkwienno-słowiańskim. Ѥ
67%
Dawniej używana w języku czuwaskim. Ԣ
67%
Występuje tylko w języku ukraińskim. Ґ
65%
Występuje tylko w języku ukraińskim. Ї
65%
Występuje tylko w języku serbskim i macedońskim. Џ
65%
Występuje tylko w języku serbskim i macedońskim. Љ
63%
Występuje w języku kazachskim i innych. Ө
63%
Występuje tylko w języku serbskim i macedońskim. Њ
62%
Występuje w języku białoruskim i innych. Ў
60%
Występowała dawniej w rosyjskim alfabecie, obecnie tylko w cerkwiennosłowiańskim. Ѣ
60%
Występuje w cyrylickim zapisie języka rumuńskiego i gagauskiego. Ӂ
60%
Występuje w kilku językach azjatyckich. Һ
57%
Występuje w języku serbskim i kilku innych. Ј
55%
Występuje tylko w języku abchaskim. Ӡ
48%
Występuje tylko w języku udmurckim. Ӥ
48%
Występuje tylko w języku ukraińskim. Є
47%
Występuje w języku ukraińskim i innych. І
38%
Występuje w języku mongolskim i innych. Ү
30%
Nie znaleziono quizów pasujących do podanych kryteriów
Rozkład punktacji
Procent ludzi z każdym wynikiem
Percentyl według liczby udzielonych odpowiedzi
Twoja historia wyników
Nie rozwiązałeś tego quizu